UBT Library

The modern critical spectrum, (Record no. 45167)

000 -LEADER
fixed length control field 00577cam a22002171 4500
001 - CONTROL NUMBER
control field 6565673
005 - DATE AND TIME OF LATEST TRANSACTION
control field 20180315092456.0
008 - FIXED-LENGTH DATA ELEMENTS--GENERAL INFORMATION
fixed length control field 720606s1962 nju 000 0 eng
010 ## - LIBRARY OF CONGRESS CONTROL NUMBER
LC control number 62012665
035 ## - SYSTEM CONTROL NUMBER
System control number (OCoLC)326116
040 ## - CATALOGING SOURCE
Original cataloging agency DLC
Transcribing agency ODaWU
Modifying agency OCoLC
-- DLC
041 ## - LANGUAGE CODE
Language code of text/sound track or separate title eng
042 ## - AUTHENTICATION CODE
Authentication code premarc
080 ## - UNIVERSAL DECIMAL CLASSIFICATION NUMBER
Universal Decimal Classification number 801.9 GER
082 ## - DEWEY DECIMAL CLASSIFICATION NUMBER
Classification number 801.9 GER
100 1# - Rafti
Rafti 25
101 ## - Shkurtesa
Shkurtesa EDU
245 14 - TITLE STATEMENT
Title The modern critical spectrum,
Statement of responsibility, etc edited by Gerald Jay Goldberg [and] Nancy Marmer Goldberg.
906 ## - LOCAL DATA ELEMENT F, LDF (RLIN)
a 7
b cbc
c oclcrpl
d u
e ncip
f 19
g y-gencatlg
942 ## - ADDED ENTRY ELEMENTS (KOHA)
Source of classification or shelving scheme
Item type Books
Holdings
Withdrawn status Lost status Source of classification or shelving scheme Damaged status Not for loan Collection code Permanent location Current location Shelving location Date acquired Total Checkouts Full call number Barcode Date last seen Price effective from Koha item type
          Koleksioni i përgjithshem UBT - Lipjan UBT - Lipjan Koleksioni i përgjithshem 03/15/2018   801.9 GER 002-3001609 03/15/2018 03/15/2018 Books
UBT Library © 2015-2024. All rights reserved University Education for Business and Technology